| 000 | 00905nmm a2200277 a 4500 | ||
|---|---|---|---|
| 001 | ocm000702826 | ||
| 003 | TR-IsHL | ||
| 005 | 20201028133615.0 | ||
| 008 | 131121s1978 tu tur | ||
| 007 | cr cn | ||
| 035 |
_a702826 _b(N$T) |
||
| 050 | 0 | 4 |
_aQB501 _b.B53 1978 |
| 090 | 0 | 4 |
_aQB501 _b.B53 1978 |
| 100 | 1 | _aBlanco, V. M. | |
| 245 | 1 | 0 |
_aGüneş sisteminin temel fiziği _h[electronic resource] / _cV. M. Blanco ; S. W. Mccuskey, çev. Z. Tefekçioğlu |
| 260 |
_aAnkara : _bAnkara Üniversitesi Fen Fakültesi, _c1978 |
||
| 300 | _a313 p. | ||
| 650 | 4 | _aAstronomi ve Uzay | |
| 650 | 4 | _aAstronomy & Space Sciences | |
| 650 | 0 | _aGüneş sistemi | |
| 650 | 0 | _aSolar system | |
| 650 | 7 |
_aSCIENCE / Astronomy _2bisacsh |
|
| 700 | 1 | _aMccuskey, S. W. | |
| 700 | 1 | _aTefekçioğlu, Z. | |
| 856 | 4 | 0 | _uhttp://search.ebscohost.com/login.aspx?direct=true&scope=site&db=e011xww&AN=702826 |
| 999 |
_c5734 _d5734 |
||